| 000 | 00899nam a2200289 a 4500 | ||
|---|---|---|---|
| 001 | vtls001438442 | ||
| 003 | NLI | ||
| 005 | 20210627122018.0 | ||
| 008 | 121130s1965 ii 000 0 eng | ||
| 020 | _cRs. 2.25 (pbk.) | ||
| 039 | 9 |
_y201211301642 _zVLOAD |
|
| 040 |
_aNLI _beng _cDatasoft_GENG _eAACR2 |
||
| 041 | 0 | _aeng | |
| 044 | _aii | ||
| 082 | 0 | 4 | _a428.2 |
| 245 | 0 | 0 |
_aEnglish textbook : _bs.s.l.c. public examination matriculation examination and h.s.c. public examination |
| 260 |
_aWaltair : _bSpecial Officer Andhra University, _c1965 |
||
| 300 |
_a134 p. ; _c22 cm. |
||
| 440 | 0 |
_aAndhra, Sri venkateswara & Osmania universities _91003547 |
|
| 650 | 0 |
_aEnglish language _xTextbooks _9903188 |
|
| 887 | _a | ||
| 901 |
_aDB5921 _b30.10.1964 |
||
| 902 | _aE 428.2 En 36 | ||
| 904 | _l2130 | ||
| 949 |
_AVIRTUAITEM _D10000 _X100 _6DBA000005921ENG |
||
| 942 |
_2ddc _cBKS |
||
| 999 |
_aVIRTUA40 _c891729 _d891729 |
||